|
|
|
|
| LEADER |
00000cam a22000002c 4500 |
| 001 |
1091080518 |
| 003 |
DE-627 |
| 005 |
20220514124124.0 |
| 007 |
tu |
| 008 |
900723s1982 xx ||||| 00| ||eng c |
| 035 |
|
|
|a (DE-627)1091080518
|
| 035 |
|
|
|a (DE-576)021080518
|
| 035 |
|
|
|a (DE-599)BSZ021080518
|
| 035 |
|
|
|a (OCoLC)09378402
|
| 040 |
|
|
|a DE-627
|b ger
|c DE-627
|e rakwb
|
| 041 |
|
|
|a eng
|
| 100 |
1 |
|
|a Jaede, Ann
|4 aut
|
| 245 |
1 |
0 |
|a Out of the house
|b [report on the substitute placement of juveniles]
|c [prep. by Ann Jaede; Marie Junterman]
|
| 264 |
|
1 |
|a St. Paul, Minn.
|b Minnesota Criminal Justice Program
|c 1982
|
| 300 |
|
|
|a 37 S.
|b Ill.
|
| 336 |
|
|
|a Text
|b txt
|2 rdacontent
|
| 337 |
|
|
|a ohne Hilfsmittel zu benutzen
|b n
|2 rdamedia
|
| 338 |
|
|
|a Band
|b nc
|2 rdacarrier
|
| 583 |
1 |
|
|a Archivierung prüfen
|c 20200919
|f DE-640
|z 1
|2 pdager
|
| 700 |
1 |
|
|a Junterman, Marie
|4 aut
|
| 951 |
|
|
|a BO
|
| ELC |
|
|
|b 1
|
| LOK |
|
|
|0 000 xxxxxcx a22 zn 4500
|
| LOK |
|
|
|0 001 2148019929
|
| LOK |
|
|
|0 003 DE-627
|
| LOK |
|
|
|0 004 1091080518
|
| LOK |
|
|
|0 005 19900723000000
|
| LOK |
|
|
|0 008 900723||||||||||||||||ger|||||||
|
| LOK |
|
|
|0 040
|a DE-21
|c DE-627
|d DE-21
|
| LOK |
|
|
|0 852
|a DE-21
|
| LOK |
|
|
|0 852 1
|c KB 6 E 864
|9 00
|
| LOK |
|
|
|0 935
|a krim
|
| LOK |
|
|
|0 936ln
|a k1
|
| LOK |
|
|
|0 939
|a 23-07-90
|b l01
|
| ORI |
|
|
|a SA-MARC-krimdoka001.raw
|
| SIG |
|
|
|a UB: KB 6 E 864
|